Computer systems design and architecture

Saved in:
Bibliographic Details
Main Author: Vincent P. Heuring
Format: Book
Published: 2004
Edition:2nd ed.
Tags: Add Tag
No Tags, Be the first to tag this record!
Call Number :

MARC

LEADER 00000pam a2200000 4500
001 23516
003 MY-KLNDU
005 20241218081237.0
020 0 0 |a 9780131911567 
035 |a 0000034042 
039 9 |a 200911181147  |b VLOAD  |y 200910091732  |z VLOAD 
100 0 0 |a Vincent P. Heuring 
245 0 0 |a Computer systems design and architecture 
250 0 0 |a 2nd ed. 
260 0 0 |a 2004 
591 |a 0000004693  |b 21/10/08  |c 0198-07  |d 1  |e RM367.15  |f 1  |g 367.15  |h KOPERASI KEDAIBUKU UNIVERSITI MALAYA BER 
999 |a vtls000033753  |c 23516  |d 23516